000 00536pam a2200217 a 4500
001 461417
003 OSt
005 20180224025316.0
008 830707t19841983nyua d 000 0 eng
010 _a 83013258
020 _a0876637403 :
_c$22.50
040 _aDLC
_cDLC
_dDLC
041 _aeng
080 _a574.0321
082 0 0 _a574.0321 MAR
_219
100 _a23
101 _aFJA
245 0 0 _aDictionary of life sciences /
_cedited by E.A. Martin.
906 _a7
_bcbc
_corignew
_d1
_eocip
_f19
_gy-gencatlg
942 _2ddc
_cBK
999 _c43342
_d43342